Normal view
MARC view
- Solís, Fermín,
Entry Personal Name
001 - CONTROL NUMBER
- control field: 87061
003 - CONTROL NUMBER IDENTIFIER
- control field: OSt
005 - DATE AND TIME OF LATEST TRANSACTION
- control field: 20260113105025.0
008 - FIXED-LENGTH DATA ELEMENTS
- fixed length control field: 260113|| aca||aabn | a|a d
040 ## - CATALOGING SOURCE
- Original cataloging agency: OSt
- Transcribing agency: OSt
100 ## - HEADING--PERSONAL NAME
- Personal name: Solís, Fermín,
- Dates associated with a name: 1972-
670 ## - SOURCE DATA FOUND
- Source citation: Work cat.: (OSt)50034: Veitch, Catherine, author. 87060, What's wrong? : In the wild /, August 14, 2018.